Kursus kanun tanah negara (KTN): Pemberimilikan tanah dan pelucuthakan tanah : 25 -27 Januari 2021

Bibliographic Details
Corporate Authors: Kursus kanun tanah negara (KTN): Pemberimilikan tanah dan pelucuthakan tanah, INSPEN (Institut Penilaian Negara)
Format: Book
Language:Malay
Subjects:

MARC

LEADER 00000cam a2200000 7i4500
001 0000029676
005 20241128.0
008 220104 my a may
040 |a INS   |b eng   |c INS   |e rda 
090 0 0 |a VO414   |b 2021 
110 1 |a Kursus kanun tanah negara (KTN): Pemberimilikan tanah dan pelucuthakan tanah ,   |d 2021 25 -27 Januari   |c INSPEN, Bangi 
245 0 0 |a Kursus kanun tanah negara (KTN): Pemberimilikan tanah dan pelucuthakan tanah :   |b 25 -27 Januari 2021   |c Pusat Pembanguan Profesional, INSPEN 
264 0 |a Bangi :   |b Institut Penilaian Negara   |c 2021 
300 |a 1 volume (various pagings) :   |b illustrations ;   |c 30cm. 
336 |a text  |2 rdacontent 
337 |a unmediated  |2 rdamedia 
338 |a volume  |2 rdacarrier 
650 0 |a Land reform   |x Law and legislation   |z Malaysia 
650 0 |a Land tenure   |x Law and legislation   |z Malaysia 
710 1 |a INSPEN (Institut Penilaian Negara) 
999 |a VO00001040   |b BOOK   |c Course Notes   |e Default branch